00476nam a2200193Ia 4500003000400000005001700004008004100021020001800062040000700080041001200087082001600099100001900115245004600134260003000180300001400210365001400224650002500238700001900263OSt20260214155038.0210423s2014 xx 000 0 und d a1-57444-587-1 cAL aEnglish a664.9bNOLA aLeo M L Nollet aAdvanced technologies for meat processing aNew YorkbCRC Pressc2014 a483p.bHB b4495cINR aMeats & Allied Foods aToldra, Fidel